000 00461nam a2200169Ia 4500
008 090711s9999 xx 000 0 und d
082 _b52175
100 _aपाटील पद्माकर
245 _aमहानगर
260 _c1985
300 _a164
600 _aपाटील पद्माकर
630 _aमहानगर
700 _aपाटील पद्माकर
730 _aमहानगर
942 _cBOOK
999 _c309819
_d309819